Practical material for class X : (Record no. 64909)
[ view plain ]
| 000 -LEADER | |
|---|---|
| fixed length control field | 00626nam a22001817a 4500 |
| 005 - DATE AND TIME OF LATEST TRANSACTION | |
| control field | 20120412123034.0 |
| 020 ## - INTERNATIONAL STANDARD BOOK NUMBER | |
| International Standard Book Number | 8187414855 |
| Terms of availability | 88.00 |
| 035 ## - SYSTEM CONTROL NUMBER | |
| System control number | B-79445 |
| 037 ## - SOURCE OF ACQUISITION | |
| Stock number | DPL |
| Source of stock number/acquisition | ENG |
| 100 ## - MAIN ENTRY--PERSONAL NAME | |
| Personal name | Bose, M. |
| 245 ## - TITLE STATEMENT | |
| Title | Practical material for class X : |
| Remainder of title | Together with Social Science / |
| Statement of responsibility, etc | by M. Bose, L. Jacob and Yogesh Vijay |
| 260 ## - PUBLICATION, DISTRIBUTION, ETC. (IMPRINT) | |
| Place of publication, distribution, etc | New Delhi |
| Name of publisher, distributor, etc | Rachna Sagar Pvt. Ltd. |
| Date of publication, distribution, etc | 2003 |
| 300 ## - PHYSICAL DESCRIPTION | |
| Extent | 248p. |
| Dimensions | 24 cms. |
| 700 ## - ADDED ENTRY--PERSONAL NAME | |
| Personal name | Jacob, L. |
| 9 (RLIN) | 44989 |
| 700 ## - ADDED ENTRY--PERSONAL NAME | |
| Personal name | Vijay, Yogesh |
| 9 (RLIN) | 44990 |
| 942 ## - ADDED ENTRY ELEMENTS (KOHA) | |
| Source of classification or shelving scheme | Dewey Decimal Classification |
| Item type | English Books |
| Classification part | 300 |
| Call number suffix | BOS |
| Withdrawn status | Lost status | Not for loan | Collection code | Home library | Current library | Date acquired | Cost, normal purchase price | Full call number | Barcode | Cost, replacement price | Koha item type |
|---|---|---|---|---|---|---|---|---|---|---|---|
| Non-fiction | Sarojini Nagar | Sarojini Nagar | 12/04/2012 | 88.00 | 300 BOS | B-79445 | 88.00 | English Books |
